Quiz sur l'Histoire de France - Statistiques

Statistiques générales
  • Ce quiz a été pris 459 fois
  • Le résultat moyen est 5 sur 10
Statistiques - réponses
Hint Réponse % Correct
Qui a été couronné le premier roi de France ? Clovis
90%
Quelle bataille a marqué la défaite de Napoléon Bonaparte et la fin de son règne en France en 1815 ? Waterloo
86%
Qui a fondé la cinquième République française en 1958 ? Charles de Gaulle
77%
Qui a été le dernier roi de France avant l'abolition de la monarchie en 1792 ? Louis XVI
76%
Qui a dirigé le Comité de salut public pendant la Terreur lors de la Révolution française ? Robespierre
67%
Quel événement a marqué le début de la Révolution française en 1789 ? Bastille
37%
Quel événement a marqué le début de la Première Guerre mondiale pour la France en 1914 ? François-Ferdinand
10%
Qui a été le président de la France pendant la majeure partie de la Seconde Guerre mondiale ? Philippe Pétain
10%
Quelle bataille a marqué la fin de la guerre de Cent Ans entre la France et l'Angleterre ? Castillon
9%
Quelle révolution a conduit à l'abolition de la monarchie constitutionnelle en France en 1848 ? La révolution de 1848
3%
Aucun quiz correspondant
Distribution des résultats
% des personnes avec chaque résultat
Percentile par nombre de réponses
Votre historique - résultats
Vous n’avez pas pris ce quiz